000 00317nam a2200133 i 4500
001 bg
100 1 _aWHITTAKER, David
245 0 _aStereochemia a mechanizm reakcji /
_cDavid Whittaker.
260 _aWarszawa,
_c1976.
040 _cBPK
041 _apol
942 _cKS
008 s pl f |000 0 pol
999 _c27498
_d27498
856 _uhttp://koha.tu.koszalin.pl/cgi-bin/koha/opac-detail.pl?biblionumber=27498
_yKatalog online BPK